00904nam a2200253Ia 450000500170000000800410001704000190005804100120007708200150008910000240010424500420012825000120017026000290018230000160021150400360022765000120026365100230027585000100029894200070030899900170031595201020033295201020043495201140053620260625110737.0131103s9999 xx 000 0 und d aLoreto College aEnglish a551.4bSTR aStrahler, Arthur N. aPhysical geographycArthur N.Strahler a4th ed. aLondonbJohn wileyc1975 a643pb ill. aIncludes index and bibliography aGeology aPhysical geography aLCLIB cBK c22741d73220 00102ddc4070aMAINbMAINd2013-11-04l0o551.4 STR 26983pB25209r2013-11-04w2013-11-04yBKf 00102ddc4070aMAINbMAINd2013-11-04l0o551.4 STR 24776pB25210r2013-11-04w2013-11-04yBKf 00102ddc4070aMAINbMAINd2013-11-04l6o551.4 STR 28791pB39836r2024-01-15s2024-01-08w2013-11-04yBKf